|
|
|
|
| LEADER |
01831nam a2200445 a 4500 |
| 001 |
000633506 |
| 003 |
CZ BrMZK |
| 005 |
20120725151531.0 |
| 007 |
ta |
| 008 |
021029s2002 xr e f cze d |
| 015 |
|
|
|a cnb001124085
|
| 020 |
|
|
|a 80-85922-98-3
|
| 020 |
|
|
|a 978-80-85922-98-1
|q (dotisk :
|q kroužková vazba)
|
| 035 |
|
|
|a (OCoLC)51191861
|
| 040 |
|
|
|a BOA001
|b cze
|
| 043 |
|
|
|a e-rm---
|a et-----
|
| 072 |
|
7 |
|a 913(4)
|x Geografie Evropy, reálie, cestování
|2 Konspekt
|9 7
|
| 080 |
|
|
|a 911.2(23.0)
|2 MRF
|
| 080 |
|
|
|a 908(498)
|2 MRF
|
| 080 |
|
|
|a (498)
|2 MRF
|
| 080 |
|
|
|a (234.372)+(234.421)
|2 MRF
|
| 080 |
|
|
|a (036)
|2 MRF
|
| 100 |
1 |
|
|a Bulička, Michal
|7 xx0003035
|4 aut
|
| 245 |
1 |
0 |
|a Rumunské Karpaty :
|b treking, horská kola + geologické zajímavosti : 20 x přechod hor - Apuseni, Rodna, Fagaraš, Retezat, Banát a další- : evropské hory českýma očima /
|c Michal Bulička
|
| 250 |
|
|
|a 1. vyd.
|
| 260 |
|
|
|a Ostrava :
|b Mirago,
|c 2002
|
| 300 |
|
|
|a 212 s. :
|b barev. il., mapy ;
|c 21 cm
|
| 490 |
1 |
|
|a Průvodce po evropských horách
|
| 504 |
|
|
|a Obsahuje bibliografii
|
| 500 |
|
|
|a Dostupné též v digitální podobě v aplikaci Kramerius
|
| 650 |
0 |
7 |
|a pohoří
|7 ph124196
|z Rumunsko
|2 czenas
|
| 655 |
|
7 |
|a průvodce
|7 fd133154
|2 czenas
|
| 651 |
|
7 |
|a Karpaty (pohoří)
|7 ge134264
|2 czenas
|
| 651 |
|
7 |
|a Rumunsko
|7 ge130694
|x vlastivěda
|2 czenas
|
| 830 |
|
0 |
|a Průvodce po evropských horách
|0 s
|
| 856 |
4 |
1 |
|u http://www.digitalniknihovna.cz/mzk/uuid/uuid:09962700-aa5b-11e6-840e-005056827e52
|y Digitalizovaný dokument
|x NDK
|
| 910 |
|
|
|a BOA001
|b 2-1109.099
|
| 990 |
|
|
|a BK
|
| 996 |
6 |
|
|b 2610173103
|c 2-1109.099
|l MZK
|r Sklad / do 1 hodiny
|n 36
|p p.v.
|w 000633506
|u 000010
|a 1
|e BOA001
|j MZK50
|s P
|
| 996 |
7 |
|
|b 2610385561
|c 2-1109.099
|l MZK
|r Sklad / do 1 hodiny
|n 21
|p p.v.
|w 000633506
|u 000020
|a 1
|e BOA001
|j MZK50
|s A
|